=LDR 00000nam 2200000 4500 =001 INLIS000000000048625 =005 20161202084849.0 =006 =007 =008 =020 ##$$a 978-602-99774-2-4 =035 ##$$0010-121600000000011 =040 ##$$a NBPDMAT =082 ##$$a 899.221 3 =090 ##$$a 899.221 3$bPao g =100 ##$$a Paox Iben Muchaffar =245 ##$$a Gadis gurun $c / Paox Iben Mudhaffar =260 ##$$a Jakarta $b Impressa $c 2012 =300 ##$$a x, 264 hlm. ; $c 26 cm =500 ##$$a Biografi : hlm. 263 - 264 =650 ##$$a Fiksi =850 ##$$a NBPDMAT =990 ##$$a 21601319